İçeriği atla
Inicio
Centros participantes
Catálogo
Servicios
Contacto
Giriş
English
Deutsch
Español
Français
Italiano
日本語
Nederlands
Português
Português (Brasil)
中文(简体)
中文(繁體)
Türkçe
עברית
Gaeilge
Cymraeg
Ελληνικά
Català
Euskara
Русский
Čeština
Suomi
Svenska
polski
Dansk
slovenščina
اللغة العربية
বাংলা
Galego
Tiếng Việt
Hrvatski
हिंदी
Հայերէն
Українська
Sámegiella
Dil
Tüm Alanlar
Materyal Adı
Yazar
Konu
Yer Numarası
ISBN/ISSN
Etiket
Ara
Gelişmiş
Centros de información, docume...
Alıntıla
E-posta Gönder
Yazdır
Kaydı İhraç Et
İhraç Et RefWorks
İhraç Et EndNoteWeb
İhraç Et EndNote
Favorilerime ekle
Kalıcı bağlantı
İlk derecelendirmeyi ekleyin
Centros de información, documentación y bibliotecas especializadas en Costa Rica
Kaydedildi:
Detaylı Bibliyografya
Müşterek Yazar:
Centro Multinacional de Investigación Educativa
Materyal Türü:
Metin
Baskı/Yayın Bilgisi:
San José:
s.e.
Etiketler:
Etiketle
Etiket eklenmemiş, İlk siz ekleyin!
Erişim Bilgileri
Diğer Bilgiler
Yorumlar
Benzer Materyaller
MARC Görünümü
MARC
LEADER
00000 a a2200000 04500
001
25043
003
040
090
|a
178200
110
|a
Centro Multinacional de Investigación Educativa
245
|a
Centros de información, documentación y bibliotecas especializadas en Costa Rica
260
|a
San José:
|b
s.e.
300
|a
36 p.
|b
**no definido**
999
|c
12762
|d
12762
Benzer Materyaller
Religioni e societa nel Centro America
Yazar:: Nesti, Arnaldo
Juventud y sociedad en la Argentina
La modernización de la estructura socioeconomica y el empleo de la juventud urbana popular en Chile: evolución hasta el presente y panorama para el futuro
Elementos de política en América Latina
Yazar:: Gallardo, Helio
La política británica y la independencia de la América Latina 1804-1828
Yazar:: Kaufman, William